000 00542cam a2200145 4500500
005 20260208005826.0
041 _afre
042 _adc
100 1 0 _aBara, Olivier
_eauthor
245 0 0 _aLes Amis de George Sand. Nouvelle Série, n° 24 (2002) et n° 25 (2003).
260 _c2005.
500 _a8
786 0 _nRevue d'histoire littéraire de la France | 105 | 3 | 2005-06-01 | p. 655zg-764zg | 0035-2411
856 4 1 _uhttps://shs.cairn.info/revue-d-histoire-litteraire-de-la-france-2005-3-page-655zg?lang=fr&redirect-ssocas=7080
999 _c1653965
_d1653965